search of Identity in women characters : (Record no. 172240)

MARC details
000 -LEADER
fixed length control field 00659nam a22001937a 4500
005 - DATE AND TIME OF LATEST TRANSACTION
control field 20200130123644.0
010 ## - LCCN (DPL NO)
LC control number ENG-127572
020 ## - INTERNATIONAL STANDARD BOOK NUMBER
International Standard Book Number 9789388927611
Terms of availability 450.00
035 ## - SYSTEM CONTROL NUMBER
System control number EN-111104
037 ## - SOURCE OF ACQUISITION
Source of stock number/acquisition DBAD/PUB
082 ## - DEWEY DECIMAL CLASSIFICATION NUMBER
Classification number 880.88
100 ## - MAIN ENTRY--PERSONAL NAME
Personal name Vyas,Namrata
245 ## - TITLE STATEMENT
Title search of Identity in women characters :
Statement of responsibility, etc by Vyas, Namrata
Remainder of title Challenges and Autonomy in Island of a thousand mirror by Nayomi Munaweera/
260 ## - PUBLICATION, DISTRIBUTION, ETC. (IMPRINT)
Place of publication, distribution, etc Ahmedabad
Name of publisher, distributor, etc Vedant Publication
Date of publication, distribution, etc 2019
270 ## - ADDRESS
City Ahmedabad
Address Rajkot, Ahmedabad, Surat
Postal code 360001
300 ## - PHYSICAL DESCRIPTION
Extent 113p.
Other physical details 21cm(pbk)
500 ## - GENERAL NOTE
General note include bibliographical references
942 ## - ADDED ENTRY ELEMENTS (KOHA)
Source of classification or shelving scheme Dewey Decimal Classification
Item type English Books
Classification part 880
Call number suffix VYA
Holdings
Withdrawn status Lost status Not for loan Collection code Home library Current library Date acquired Source of acquisition Cost, normal purchase price Full call number Barcode Copy number Cost, replacement price Koha item type
      Non-fiction Sarojini Nagar Sarojini Nagar 30/01/2020 DBAD/PUB 200.00 880 VYA EN-111104 1 200.00 English Books

© Delhi Public Library
Hit Counter
free hit counter